'D' geography sampler Quiz Stats

 Plays Quiz not verified by Sporcle

Challenge
Share
Tweet
Embed
Score 0/40 Timer 15:00
0 Plays Today
category answer % Correct
countriesDenmark
94.9%
countriesDjibouti
85.1%
African citiesDjibouti, Djibouti
85.1%
North American citiesDallas, U.S.A.
81%
North American citiesDenver, U.S.A.
81%
countriesDominican Republic
78.2%
countriesDominica
77.7%
European citiesDublin, Ireland
76.3%
North American citiesDetroit, U.S.A.
74.7%
world capitalsDublin, Ireland
73.2%
countriesDemocratic Republic of the Congo
72.1%
world capitalsDhaka, Bangladesh
69.5%
world capitalsDakar, Senegal
69.2%
Asian citiesDhaka, Bangladesh
68.7%
African citiesDakar, Senegal
68.1%
Asian citiesDelhi, India
66.1%
world capitalsDamascus, Syria
63.3%
Asian citiesDamascus, Syria
62.2%
European citiesDüsseldorf, Germany
58.7%
African citiesDurban, South Africa
54.4%
category answer % Correct
world capitalsDushanbe, Tajikistan
50.3%
European citiesDortmund, Germany
48.7%
African citiesDar es Salaam, Tanzania
48.7%
Oceanian citiesDarwin, Australia
48.7%
Oceanian citiesDili, Timor-Leste
45.6%
European citiesDonetsk, Ukraine
33.9%
European citiesDnipropetrovsk, Ukraine
27.8%
Asian citiesDalian, China
22.8%
African citiesDouala, Cameroon
22.4%
Oceanian citiesDunedin, New Zealand
20.7%
North American citiesDurango, Mexico
19.6%
Asian citiesDaegu, South Korea
18.3%
South American citiesDuque de Caxias, Brazil
9.3%
South American citiesDiadema, Brazil
8.9%
Oceanian citiesDubbo, Australia
7.8%
South American citiesDivinópolis, Brazil
7%
North American citiesDelmas, Haiti
6.8%
South American citiesDourados, Brazil
6.3%
South American citiesDosquebradas, Colombia
5.6%
Oceanian citiesDumbéa, New Caledonia (France)
4.9%

You're not logged in!

Compare scores with friends on all Sporcle quizzes.
Join for Free
OR
Log In

You Might Also Like...

Show Comments

Extras

Top Quizzes Today


Score Distribution

Your Account Isn't Verified!

In order to create a playlist on Sporcle, you need to verify the email address you used during registration. Go to your Sporcle Settings to finish the process.

Report this User

Report this user for behavior that violates our Community Guidelines.

Details: